000 00303nam a22001337a 4500
008 171123b xxu||||| |||| 00| 0 eng d
020 _a9780133998900
041 _aeng
080 _24TH
_a62
100 _a27
101 _aMEK
245 _aFLUID POWER WITH APPLICATIONS
_cESPOSITO,A
942 _2udc
_cBK
999 _c38381
_d38381